Statistics for James Jenner Quiz

Click here to take the quiz!

General Stats

  • This quiz has been taken 17 times
  • The average score is 2 of 15

Answer Stats

HintAnswer% Correct
free spacehttps://www.jetpunk.com/create-quiz/new-text-quiz
100%
Who is "CEO"chief executive ho
25%
the wind comes....fake
25%
who is jamesjohn pratama
25%
who is jennerbig boombaclat dogga man
0%
caca
0%
good morning classhello big john
0%
chat who is thishuge respect
0%
whyidk man
0%
the wind comes...it does
0%
the wind comes......it does3
0%
Who is john jonasjohn jonas, not to be confused with john jones
0%
Whos is john jones...john jones, not to be confused with john jonas
0%
name of high pHmilk
0%
if 3 + 3 = 6, whypossible
0%

Score Distribution

Percentile by Number Answered

Percent of People with Each Score

Your Score History

You have not taken this quiz